| 000 | 00508cam a22001934a 4500 | ||
|---|---|---|---|
| 005 | 20250605163925.0 | ||
| 008 | 250528s ||||||||||||||||||||||||d | ||
| 035 | _a14525 | ||
| 020 | _a804722528 | ||
| 040 |
_aGR-AtMCL _bgre _dGR-AtMCL _eAACR2 |
||
| 245 | 1 | _aAporias / Meridian - Crossing Aesthetics | |
| 260 |
_bStanford University Press, _c1993 |
||
| 300 | _a90 | ||
| 520 | _aFinis, Awaiting at the Arrival, Notes. | ||
| 700 | 1 |
_aDerrida Jacques _9229 |
|
| 942 | _cBK | ||
| 999 |
_c152 _d152 |
||